Mortal Kombat Charaktere - Statistiken

Allgemein
  • Dieses Quiz wurde 64 mal gespielt
  • Das Durchschnittsergebnis liegt bei 48 aus 79
Antwortstatistiken
Debüt Antwort % Korrekt
MK '92 Sub-Zero
100%
MK '92 Scorpion
94%
MK '92 Johnny Cage
90%
MK II Kitana
90%
MK II Kung Lao
90%
MK '92 Raiden
90%
MK '92 Goro
85%
MK '92 Liu Kang
83%
MK Mythologies: Sub-Zero Quan Chi
83%
MK '92 Reptile
83%
MK III Sindel
83%
MK II Baraka
81%
MK X Cassie Cage
81%
MK II Jax
81%
MK II Noob Saibot
81%
MK '92 Shang Tsung
81%
MK II Jade
79%
MK II Mileena
79%
MK II Smoke
79%
MK '92 Kano
77%
MK: Deadly Alliance Kenshi
77%
MK III Sektor
77%
MK '92 Sonya Blade
77%
MK III Ermac
75%
MK III Cyrax
73%
MK X D'Vorah
71%
MK: Deadly Alliance Frost
71%
MK Mythologies: Sub-Zero Fujin
71%
MK X Kotal Kahn
71%
MK X Kung Jin
71%
MK III Rain
71%
MK Mythologies: Sub-Zero Shinnok
71%
MK X Erron Black
69%
MK 11 Kronika
69%
MK III Stryker
69%
MK 11 Geras
67%
MK III Kabal
67%
MK II Shao Kahn
67%
MK: Deception Havik
65%
MK III Motaro
65%
MK 11 Cetrion
63%
MK II Kintaro
63%
MK: Deadly Alliance Li Mei
63%
MK III Nightwolf
63%
MK: Deadly Alliance Nitara
63%
MK X Jacqui Briggs
58%
MK III Sheeva
58%
MK: Deadly Alliance Bo' Rai Cho
56%
MK: Deadly Alliance Blaze
52%
MK IV Tanya
52%
MK: Deception Ashrah
48%
MK IV Kai
48%
MK X Ferra/Torr
46%
MK: Deadly Alliance Mavado
46%
MK X Takeda Takahashi
46%
MK X Triborg
46%
MK: Deception Onaga
44%
MK IV Reiko
44%
MK (2011) Skarlet
44%
MK: Special Forces Tremor
44%
MK: Deception Hotaru
42%
MK: Deadly Alliance Hsu Hao
42%
MK: Deadly Alliance Moloch
42%
MK: Armageddon Taven
42%
MK vs. DC Universe Dark Kahn
40%
MK: Deception Darrius
40%
MK: Deadly Alliance Drahmin
40%
MK IV Meat
40%
MK: Armageddon Daegon
38%
MK 11 Kollector
38%
MK III Chameleon
35%
MK III Khameleon
33%
MK: Deception Shujinko
31%
MK IV Jarek
29%
MK: Deception Kobra
29%
MK: Deception Kira
25%
MK Mythologies: Sub-Zero Sareena
21%
MK: Deception Dairou
19%
MK: Deadly Alliance Mokap
19%
Keine übereinstimmenden Quizze gefunden
Verteilung der Resultate
Anzahl Personen mit jedem Resultat
Perzentil nach korrekt beantworteten Fragen
Ihre Resultats-Entwicklung
Sie haben dieses Quiz noch nicht gespielt